00518nam a2200157Ia 4500008004100000041000800041082001800049100001800067245004500085250001400130260003900144300002400183365001200207999001500219952012600234240624s9999 xx 000 0 und d aeng a332.63228 KOL aKOLB ROBERT W aSOLUTIONS MANUAL TO ACCOMPANY FUTURES OP a(4th ed.) c2003aOxfordbBlackwell Publishing a289 : p. : cm. ; 29 cBPSb35 c6356d6356 00104070aIMTNbIMTNcRack 11-Ad2007-09-27eRBCg35.00o332.63228 KOLp6356r2024-06-24 00:00:00t85.9w2024-06-24yBK